| 000 | 01123nam a2200301 i 4500 | ||
|---|---|---|---|
| 003 | DO-SdBNP | ||
| 005 | 20251120073733.0 | ||
| 007 | ta | ||
| 008 | 110301s1987 dr 000 0 spa d | ||
| 040 |
_aDO-SdBNP _bspa _cBNPHU _erda |
||
| 082 | 4 |
_a972.9302 _bD632i |
|
| 100 |
_aDobal Márquez, Carlos, _d1926-2011 _eautor _4aut. _958942 |
||
| 245 | 1 | 3 |
_aLa Isabela : _bJerusalem Americana. La primera misa en América / _cCarlos Dobal |
| 264 | 1 |
_aSantiago, República Dominicana : _bUCMM, _c1987. |
|
| 300 |
_a43 páginas : _c24 cm. |
||
| 336 |
_atexto _btxt _2rdacontent |
||
| 337 |
_asin mediación _bn _2rdamediación |
||
| 338 |
_avolumen _bnc _2rdacarrier |
||
| 490 | 1 | _aEstudios ; | |
| 504 | _aBibliografía : páginas 38-43 | ||
| 590 | _aInventariado, 2022/ YL | ||
| 650 | 7 |
_aIglesia católica _zRepública Dominicana _xHistoria _9358 |
|
| 651 | 0 |
_aRepública Dominicana _xHistoria _yDescubrimiento y conquista, 1492-1503 _9255 |
|
| 651 | 0 |
_aAmérica _xDescubrimiento y exploración _xEspañol _987202 |
|
| 710 | 2 |
_aPontificia Universidad Católica Madre y Maestra _9843 |
|
| 910 | _aYLockward | ||
| 942 |
_2ddc _cLF2 |
||
| 999 |
_c51989 _d51989 |
||